000 00537nam a2200217Ia 4500
003 OSt
005 20220924133736.0
006 a|||||r|||| 00| 0
007 ta
008 220923b |||||||| |||| 00| 0 snd d
024 _a268556
037 _cTextual
040 _aARTS
_cARTS
_bsnd
041 _2snd
_asnd
082 _aY:1, 1593M3
100 _aBharumal Meherchand
_9207233
245 0 _aSind jo sailani
260 _c1983
942 _hY:1, 1593M3
_cTEXL
_2CC
999 _c435011
_d435011